| 000 | 00357nam a2200145Ia 4500 | ||
|---|---|---|---|
| 008 | 230917s9999||||xx |||||||||||||| ||und|| | ||
| 040 |
_e154230 _aMAIN |
||
| 041 | _aEnglish | ||
| 082 | _a891.21 K898S:S | ||
| 100 | _aShukla, Ramesh Chandra | ||
| 245 | 0 | _aShri Krishnacharitam | |
| 260 |
_aDelhi _bDev Vani parishad _c1979 |
||
| 300 | _a968 p. | ||
| 942 | _cBK | ||
| 999 |
_c35428 _d35428 |
||